Normal view
MARC view
- Selva Lacandona, México
Entry Nombre Geográfico
001 - NÚMERO DE CONTROL
- campo de control: 1067
003 - IDENTIFICADOR DE NUMERO DE CONTROL
- campo de control: UPN
005 - FECHA Y HORA DE LA ÜLTIMA TRANSACCIÓN
- campo de control: 20220805083834.0
008 - DATOS DE LONGITUD FIJA
- campo de control de longitud fija: nabaccnnaabn|||||||||| b |nc|||||d
035 ## - NÚMERO DE CONTROL
- Número de control: UPN10000001067
040 ## - FUENTE DE CATALOGACIÓN
- Lenguaje de catalogación: SPA
- Agencia de transcripción: UPN
- Agencia de catalogación original: UPN
151 ## - ENCABEZAMIENTO - NOMBRE GEOGRÁFICO
- Nombre geográfico: Selva Lacandona, México
- Subdivisión general : Historia
670 ## - FUENTE EN LA QUE SE LOCALIZARON DATOS
- Cita de la fuente: LC/P
- Información localizada: Lacandona Forest (Mexico) - History
902 ## - CATALOGADOR
- Catalogador: MITM/270905
